Quiz Ford - Statistiques

Statistiques générales
  • Ce quiz a été pris 19 fois
  • Le résultat moyen est 7 sur 14
Statistiques - réponses
Par images Réponse % Correct
Kuga
82%
Puma
82%
Mustang
76%
Ka
71%
GT
65%
Mondeo
59%
Cmax
53%
Explorer
41%
Escort
35%
Bmax
29%
Capri
29%
Sierra
29%
Cougar
12%
Probe
12%
Aucun quiz correspondant
Distribution des résultats
% des personnes avec chaque résultat
Percentile par nombre de réponses
Votre historique - résultats
Vous n’avez pas pris ce quiz